| 000 | 00715nam a2200313Ia 4500 | ||
|---|---|---|---|
| 008 | 161109s9999||||xx |||||||||||||| ||und|| | ||
| 040 | _cEnglish | ||
| 082 | _aV / Gandhi | ||
| 082 | _bBORI-112085 | ||
| 100 | _aM.K.Ghandhi | ||
| 245 | _aBrahmacharya | ||
| 245 | _bThe Law of Continence | ||
| 260 | _aBombay | ||
| 260 | _bAnand T. Hingorani | ||
| 260 | _c1964 | ||
| 300 | _a103 | ||
| 300 | _cA | ||
| 300 | _eHardbound | ||
| 530 | _b"Gokhale ,W.N." | ||
| 530 | _u0000112085.Pdf | ||
| 563 | _aStudy | ||
| 600 | _aM.K.Ghandhi | ||
| 630 | _aBrahmacharya | ||
| 650 | _aDharmashastra | ||
| 650 | _aDharmashastra study | ||
| 700 | _aM.K.Ghandhi | ||
| 730 | _aBrahmacharya | ||
| 942 | _cBOOK | ||
| 999 |
_c1406159 _d1406156 |
||